| 000 | 00402nam a2200133Ia 4500 | ||
|---|---|---|---|
| 005 | 20260328104253.0 | ||
| 008 | 260328s9999||||xx |||||||||||||| ||und|| | ||
| 100 | _aGuggenheimer, Tobias S. | ||
| 245 | 2 |
_aA Taliesin Legacy : _b The Architecture of Frank Lloyd Wright's apprentices / _cTobias S. Guggenheimer |
|
| 260 | _bVan Nostrand Reinhold | ||
| 300 | _a256 p. | ||
| 650 | _aARQUITECTOS | ||
| 942 | _cBK | ||
| 999 |
_c10323 _d10323 |
||